[Event "ch-SCO"]
[Site "Edinburgh SCO"]
[Date "2009.07.15"]
[Round "5"]
[White "Rowson,J"]
[Black "McNab,C"]
[Result "1-0"]
[WhiteElo "2591"]
[BlackElo "2474"]
[EventDate "2009.07.11"]

1. d4 d6 2. e4 g6 3. c4 e5 4. Ne2 Bg7 5. Nbc3 Nc6 6. Be3 exd4 7. Nxd4 Nge7
8. h4 h5 9. Qd2 Ne5 10. f3 c6 11. O-O-O a6 12. Kb1 O-O 13. Nb3 Be6 14. Qxd6
Nd5 15. Rxd5 cxd5 16. Qxd8 Rfxd8 17. cxd5 Bd7 18. Be2 b5 19. Nc5 Nc4 20.
Bxc4 bxc4 21. Kc2 Bf8 22. Rd1 Bxc5 23. Bxc5 Rdc8 24. Be7 Rab8 25. Bf6 Rb6
26. Bd4 Rb7 27. Rd2 Kf8 28. Kc1 Ke7 29. Nd1 a5 30. Bc3 a4 31. a3 f6 32. Ne3
Rg8 33. f4 Rb3 34. e5 fxe5 35. fxe5 Rf8 36. e6 Bb5 37. Bb4+ Rxb4 38. axb4
Rf4 39. Nd1 Rf1 40. Rf2 Rh1 41. Kd2 Rxh4 42. Nc3 Be8 43. b5 Rd4+ 44. Kc1
Bxb5 45. Rf7+ 1-0

[Event "ch-SCO"]
[Site "Edinburgh SCO"]
[Date "2009.07.15"]
[Round "5"]
[White "Arun Prasad,S"]
[Black "Berry,N"]
[Result "1-0"]
[WhiteElo "2556"]
[BlackElo "2313"]
[EventDate "2009.07.11"]

1. d4 d5 2. c4 c6 3. Nf3 Nf6 4. e3 Bf5 5. Nc3 e6 6. Nh4 Bg6 7. g3 Nbd7 8.
Bd2 Be7 9. Nxg6 hxg6 10. cxd5 exd5 11. Bg2 O-O 12. Qc2 Nb6 13. Rd1 Re8 14.
O-O Qd7 15. Bc1 Rad8 16. f3 Qc8 17. Na4 Nxa4 18. Qxa4 Qd7 19. Qxa7 Ra8 20.
Qb6 Rxa2 21. e4 dxe4 22. fxe4 Ra4 23. Kh1 Rb4 24. Qa7 Bf8 25. e5 Nd5 26.
Rd3 f5 27. Qa2 Qe6 28. g4 fxg4 29. Bd2 Rb6 30. Rg3 Ra6 31. Qb1 Be7 32. Rg1
Bd8 33. Rxg4 Ne7 34. Be4 Ra4 35. Bc3 Rf8 36. Qc2 Ra8 37. Qg2 Rf7 38. d5
cxd5 39. Bxg6 Nxg6 40. Rxg6 Qe7 41. e6 1-0

[Event "ch-SCO"]
[Site "Edinburgh SCO"]
[Date "2009.07.15"]
[Round "5"]
[White "Arakhamia,K"]
[Black "Burnett,W"]
[Result "1-0"]
[WhiteElo "2506"]
[BlackElo "2018"]
[EventDate "2009.07.11"]

1. e4 e5 2. Nf3 Nc6 3. Bc4 Be7 4. O-O d6 5. a4 g5 6. d3 g4 7. Ne1 Nf6 8. c3
Be6 9. Bxe6 fxe6 10. b4 a6 11. Na3 Kd7 12. b5 Na5 13. Rb1 axb5 14. axb5 b6
15. Nec2 h5 16. Qe2 Qg8 17. Ne3 h4 18. Nac4 Nxc4 19. Nxc4 Nh5 20. d4 Rf8
21. dxe5 g3 22. exd6 gxh2+ 23. Kh1 h3 24. gxh3 Bh4 25. Be3 Bxf2 26. Bxf2
Nf4 27. Qg4 Nxh3 28. Ne5+ Kc8 29. d7+ Kb7 30. Qxg8 Rhxg8 31. Bd4 Rxf1+ 32.
Rxf1 Rh8 1-0

[Event "ch-SCO"]
[Site "Edinburgh SCO"]
[Date "2009.07.15"]
[Round "5"]
[White "Panchanathan,M"]
[Black "Hookham,J"]
[Result "1-0"]
[WhiteElo "2493"]
[BlackElo "1997"]
[EventDate "2009.07.11"]

1. Nf3 Nf6 2. g3 d5 3. Bg2 c5 4. O-O Nc6 5. d4 Bf5 6. c4 e6 7. cxd5 Nxd5 8.
Nc3 Nxc3 9. bxc3 Be7 10. Qb3 Qc8 11. dxc5 O-O 12. Nd4 Bg6 13. Bf4 Na5 14.
Qb5 Qxc5 15. Qxc5 Bxc5 16. Nb3 Bb6 17. Nxa5 Bxa5 18. c4 Rac8 19. c5 Rfd8
20. Be3 Rc7 21. Rac1 Bb4 22. Rc4 Ba3 23. h4 Rdc8 24. Rd1 h6 25. Bf3 Bxc5
26. h5 Bxe3 27. Rxc7 Rxc7 28. Rd8+ Kh7 29. hxg6+ Kxg6 30. fxe3 Rc3 31. Rd3
Rc7 32. Kf2 e5 33. Rd8 b6 34. Bd5 f6 35. e4 Rc3 36. Rd7 Ra3 37. Bf7+ Kh7
38. g4 b5 39. Rb7 a6 40. e3 Rc3 41. Kf3 Rc6 42. Ra7 Rb6 43. Kg3 Rc6 44. Kh4
Rc1 45. Rxa6 Rf1 46. Ra7 Rf3 47. Be6 Rxe3 48. Bf5+ Kg8 49. Kh5 1-0

[Event "ch-SCO"]
[Site "Edinburgh SCO"]
[Date "2009.07.15"]
[Round "5"]
[White "Gourlay,I"]
[Black "Greet,A"]
[Result "1/2-1/2"]
[WhiteElo "2349"]
[BlackElo "2443"]
[EventDate "2009.07.11"]

1. Nf3 d6 2. c4 e5 3. Nc3 f5 4. g3 Nf6 5. Bg2 Be7 6. d3 O-O 7. O-O Qe8 8.
Nd5 Nxd5 9. cxd5 Qh5 10. e3 Nd7 11. Nd2 Qxd1 12. Rxd1 Nc5 13. Nb3 Nxb3 14.
axb3 Bd7 15. Bd2 Bb5 16. Rdc1 Bd8 17. Bf1 e4 18. dxe4 Bxf1 19. Kxf1 fxe4
20. Rc4 Rf5 21. Ba5 Rxd5 22. Bxc7 Bxc7 23. Rxc7 Rf8 24. Rxa7 Rd2 25. Ke1
Rdxf2 26. Rcxb7 Rxh2 27. Rxg7+ Kh8 28. Rgd7 Rc8 29. Kd1 Rh1+ 30. Kd2 Rh2+
31. Kd1 Rh1+ 32. Kd2 Rh2+ 33. Kd1 1/2-1/2

[Event "ch-SCO"]
[Site "Edinburgh SCO"]
[Date "2009.07.15"]
[Round "5"]
[White "Thomson,C"]
[Black "Morrison,G SCO"]
[Result "1-0"]
[WhiteElo "2320"]
[BlackElo "2366"]
[EventDate "2009.07.11"]

1. e4 c5 2. Nf3 e6 3. Qe2 Nc6 4. g3 Nf6 5. Bg2 d5 6. d3 Be7 7. e5 Nd7 8.
O-O b5 9. c4 bxc4 10. dxc4 Ba6 11. Na3 Nb6 12. b3 O-O 13. Rd1 Qb8 14. Rb1
Rd8 15. Nb5 h6 16. h4 dxc4 17. Rxd8+ Qxd8 18. bxc4 Qd7 19. Bf4 Rd8 20. Nd2
Nd4 21. Qg4 Nxc4 22. Ne4 Bxb5 23. Bxh6 g6 24. Bf4 Bc6 25. h5 Qe8 26. Rc1
Bd5 27. Rxc4 Bxc4 28. Bg5 Be2 29. f3 f5 30. exf6 gxh5 31. fxe7 Nxf3+ 32.
Kf2 Rd4 33. Nf6+ Kf7 34. Qxh5+ 1-0

[Event "ch-SCO"]
[Site "Edinburgh SCO"]
[Date "2009.07.15"]
[Round "5"]
[White "Summerscale,A"]
[Black "Eggleston,D"]
[Result "1/2-1/2"]
[WhiteElo "2454"]
[BlackElo "2341"]
[EventDate "2009.07.11"]

1. c4 Nf6 2. Nc3 c5 3. Nf3 d6 4. g3 e5 5. Bg2 Be7 6. e3 O-O 7. d4 cxd4 8.
exd4 Nc6 9. h3 Qb6 10. d5 Na5 11. b3 a6 12. Ba3 Nd7 13. O-O Qc7 14. Ne4 b6
1/2-1/2

[Event "ch-SCO"]
[Site "Edinburgh SCO"]
[Date "2009.07.15"]
[Round "5"]
[White "Grant,J"]
[Black "Neave,G"]
[Result "1/2-1/2"]
[WhiteElo "2254"]
[BlackElo "2090"]
[EventDate "2009.07.11"]

1. c4 e5 2. Nc3 Nf6 3. Nf3 Nc6 4. g3 d5 5. cxd5 Nxd5 6. Bg2 Nb6 7. O-O Be7
8. d3 O-O 9. a3 Be6 10. b4 a5 11. b5 Nd4 12. Bb2 f6 13. Nd2 Qc8 14. e3 Nf5
15. Qc2 a4 16. Nce4 Nd6 17. Nc5 Bh3 18. d4 Bxg2 19. Kxg2 exd4 20. Bxd4 Nxb5
21. Nf3 Nxd4 22. Nxd4 Bxc5 23. Qxc5 Qd7 24. Rfd1 Qd5+ 25. Qxd5+ Nxd5 26.
Ne6 Rfe8 27. Nc5 c6 28. Nxb7 Reb8 29. Nc5 Rb2 30. Kf3 f5 31. Rac1 g5 32.
Re1 Ra2 33. Ne6 g4+ 34. Kg2 Rb8 35. e4 Rbb2 36. exd5 1/2-1/2

[Event "ch-SCO"]
[Site "Edinburgh SCO"]
[Date "2009.07.15"]
[Round "5"]
[White "Poobalasingam,P"]
[Black "Parks,J"]
[Result "1-0"]
[WhiteElo "2224"]
[BlackElo "1919"]
[EventDate "2009.07.11"]

1. c4 Nf6 2. Nc3 d5 3. cxd5 Nxd5 4. g3 e5 5. Bg2 Nxc3 6. bxc3 Bc5 7. Qa4+
c6 8. Nf3 Nd7 9. O-O O-O 10. d4 exd4 11. cxd4 Bb6 12. Bb2 Nf6 13. Ne5 Bf5
14. Kh1 Re8 15. f3 Nd7 16. e4 Be6 17. Nd3 Bc7 18. Qc2 Nb6 19. Nc5 Qc8 20.
Nxe6 Qxe6 21. d5 Qh6 22. f4 Rac8 23. dxc6 bxc6 24. a4 Qe6 25. Rfc1 c5 26.
a5 Nd7 27. Qc4 Rb8 28. Qxe6 Rxe6 29. Bc3 c4 30. e5 Nc5 31. Rcb1 Rd8 32. Rb5
Nb3 33. Rf1 Ree8 34. Bc6 Re6 35. Bd5 Ra6 36. Bxc4 Nxa5 37. Bd5 Nc4 38. Bxc4
Rc6 39. Rb4 Rc8 40. Bd4 Ba5 41. Bxf7+ Kxf7 42. Rb7+ 1-0

[Event "ch-SCO"]
[Site "Edinburgh SCO"]
[Date "2009.07.15"]
[Round "5"]
[White "Farrell,N"]
[Black "Walker,Du"]
[Result "1-0"]
[WhiteElo "2191"]
[BlackElo "1993"]
[EventDate "2009.07.11"]

1. d4 Nf6 2. c4 c5 3. d5 b5 4. cxb5 a6 5. e3 g6 6. Nc3 Bg7 7. a4 O-O 8. e4
d6 9. Nf3 Qb6 10. a5 Qb7 11. b6 Rd8 12. Be2 Nbd7 13. O-O Nf8 14. h3 N6d7
15. Re1 Bxc3 16. bxc3 f6 17. Nd2 Ne5 18. f4 Nf7 19. Nf3 Nd7 20. Bc4 Kg7 21.
Ra2 Qb8 22. Rae2 Bb7 23. Bb2 Re8 24. Re3 h6 25. Nh4 Nf8 26. Bd3 e5 27. dxe6
Rxe6 28. c4 Qe8 29. Qg4 h5 30. Qg3 Nh6 31. f5 Re5 32. Bxe5 dxe5 33. Nxg6
Nxg6 34. Be2 h4 35. Qxg6+ Qxg6 36. fxg6 Rd8 37. Rd3 Rd4 38. Bf3 Kxg6 1-0

[Event "ch-SCO"]
[Site "Edinburgh SCO"]
[Date "2009.07.15"]
[Round "5"]
[White "Kafka,G"]
[Black "McClement,A"]
[Result "1/2-1/2"]
[WhiteElo "2077"]
[BlackElo "1893"]
[EventDate "2009.07.11"]

1. e4 c5 2. Nf3 d6 3. d4 cxd4 4. Nxd4 Nf6 5. Nc3 e6 6. Be3 a6 7. g4 b5 8.
g5 Nfd7 9. a3 Bb7 10. h4 Nb6 11. h5 N8d7 12. g6 hxg6 13. hxg6 Rxh1 14.
gxf7+ Kxf7 15. Qf3+ Qf6 16. Qxh1 Nc4 17. O-O-O Re8 18. Bxc4 bxc4 19. Rg1 g6
20. Nce2 Bg7 21. e5 Bxh1 22. exf6 e5 23. fxg7 exd4 24. Bxd4 Be4 25. f3 Bxc2
26. Rh1 Bf5 27. Rh8 Rg8 28. f4 Nc5 29. Bxc5 dxc5 30. Rxg8 Kxg8 31. Kd2 Kxg7
32. Ke3 Kf6 33. Nc3 Ke6 34. Kf3 Bc2 35. Ke3 Bd3 36. Kf3 Kf5 37. Kg3 a5 38.
Kf3 Bc2 39. Kg3 Bd3 40. Kf3 g5 41. fxg5 Kxg5 42. Ne4+ Kf5 43. Nxc5 Ke5 44.
Ke3 Bg6 45. Nb7 a4 46. Nc5 Be8 47. Ne4 Bd7 48. Nc3 Bc6 49. Na2 Ba8 50. Nb4
Bb7 51. Kd2 Kd4 52. Nc2+ Kc5 53. Kc3 Bd5 54. Nb4 Bb7 55. Nc2 Bc8 56. Nd4
Bd7 57. Nf3 Bg4 58. Nd2 Be2 59. Ne4+ Kd5 60. Nd2 Kc5 61. Ne4+ 1/2-1/2

[Event "ch-SCO"]
[Site "Edinburgh SCO"]
[Date "2009.07.15"]
[Round "5"]
[White "Mollison,J"]
[Black "Buchanan,W"]
[Result "1/2-1/2"]
[WhiteElo "1892"]
[BlackElo "2128"]
[EventDate "2009.07.11"]

1. b3 e5 2. Bb2 Nc6 3. e3 d5 4. Bb5 Bd6 5. f4 Qh4+ 6. g3 Qe7 7. Nf3 Bg4 8.
Bxc6+ bxc6 9. fxe5 Bxe5 10. Bxe5 Bxf3 11. Qxf3 Qxe5 12. O-O Nf6 13. Nc3 O-O
14. Qf4 Rfe8 15. Qxe5 Rxe5 16. Rf4 Ne4 17. Nxe4 dxe4 18. Kf2 g5 19. Rf6 Rc5
20. Ke2 Rxc2 21. Kd1 Rc5 22. Rc1 Rd5 23. Rfxc6 Rad8 24. R1c2 g4 25. R6c5 c6
26. Ke2 1/2-1/2

[Event "ch-SCO"]
[Site "Edinburgh SCO"]
[Date "2009.07.16"]
[Round "6"]
[White "Arun Prasad,S"]
[Black "Markos,J"]
[Result "1-0"]
[WhiteElo "2556"]
[BlackElo "2555"]
[EventDate "2009.07.11"]

1. d4 Nf6 2. Nf3 e6 3. c4 b6 4. g3 Ba6 5. Qc2 c5 6. d5 exd5 7. cxd5 g6 8.
Bg2 Bg7 9. O-O O-O 10. Nc3 d6 11. a4 Bb7 12. Nd2 Na6 13. Nc4 Nb4 14. Qd1
Re8 15. Bf4 Bf8 16. Re1 Nh5 17. Bc1 Ba6 18. b3 Bg7 19. Bb2 Qd7 20. Qd2 Re7
21. Rad1 Rae8 22. e4 Bd4 23. Nb5 Bxb2 24. Qxb2 Bxb5 25. axb5 f6 26. f4 Rf8
27. e5 dxe5 28. fxe5 Qxb5 29. e6 Qe8 30. Nd6 Qd8 31. Nf5 gxf5 32. d6 Ng7
33. dxe7 Qxe7 34. Rd7 Qe8 35. Qd2 Qg6 36. Rxa7 f4 37. e7 Re8 38. Qxf4 1-0

[Event "ch-SCO"]
[Site "Edinburgh SCO"]
[Date "2009.07.16"]
[Round "6"]
[White "Hebden,M"]
[Black "Rowson,J"]
[Result "1-0"]
[WhiteElo "2468"]
[BlackElo "2591"]
[EventDate "2009.07.11"]

1. d4 Nf6 2. Nf3 e6 3. c3 d6 4. Bf4 Nbd7 5. Nbd2 Qe7 6. Bg3 h6 7. e4 Nh5 8.
Bd3 g6 9. Qe2 Bg7 10. e5 Nb6 11. Ne4 Nxg3 12. fxg3 Bd7 13. O-O O-O-O 14. a4
Bc6 15. a5 Nd7 16. a6 b6 17. Bb5 Bd5 18. c4 Ba8 19. exd6 cxd6 20. b4 Kb8
21. c5 dxc5 22. bxc5 f5 23. Ned2 Nxc5 24. dxc5 Qxc5+ 25. Kh1 Bxa1 26. Rxa1
e5 27. Nb3 Qd5 28. Nxe5 Rh7 29. Bc4 Qe4 30. Qxe4 Bxe4 31. Kg1 Rc7 32. Ra4
g5 33. Kf2 Bd5 34. Nd4 Kc8 35. Bd3 Rc5 36. Bxf5+ Kc7 37. Nd3 Rc4 38. Rb4
Bg8 39. Nb5+ Kb8 40. Ne5 Rc1 41. Nd7+ 1-0

[Event "ch-SCO"]
[Site "Edinburgh SCO"]
[Date "2009.07.16"]
[Round "6"]
[White "McNab,C"]
[Black "Tate,A"]
[Result "1-0"]
[WhiteElo "2474"]
[BlackElo "2195"]
[EventDate "2009.07.11"]

1. c4 c5 2. g3 Nc6 3. Bg2 g6 4. Nc3 Bg7 5. d3 d6 6. Bg5 f6 7. Bd2 e5 8. a3
Nge7 9. Nd5 a5 10. e3 O-O 11. Ne2 Nxd5 12. Bxd5+ Kh8 13. h4 f5 14. h5 g5
15. h6 Bf6 16. Nc3 g4 17. Qc2 Bd7 18. Bg2 Rb8 19. O-O-O Ne7 20. Nd5 Nxd5
21. Bxd5 Bc6 22. Bxc6 bxc6 23. Rh5 Qd7 24. e4 fxe4 25. dxe4 Bd8 26. Bc3 Bf6
27. Rxe5 Kg8 28. Rxc5 Qe6 29. Rxa5 Bxc3 30. Qxc3 Qxh6+ 31. Qd2 Qe6 32. Rg5+
Kf7 33. Qd4 Qh6 34. Qe3 Qe6 35. Qa7+ 1-0

[Event "ch-SCO"]
[Site "Edinburgh SCO"]
[Date "2009.07.16"]
[Round "6"]
[White "Greet,A"]
[Black "Farrell,N"]
[Result "1-0"]
[WhiteElo "2443"]
[BlackElo "2191"]
[EventDate "2009.07.11"]

1. e4 e6 2. d4 d5 3. Nc3 Bb4 4. e5 Qd7 5. a3 Bxc3+ 6. bxc3 b6 7. Qg4 f5 8.
Qg3 Nc6 9. a4 Bb7 10. Bb5 a6 11. Bxc6 Bxc6 12. a5 Bb5 13. Nh3 O-O-O 14. Nf4
Nh6 15. axb6 cxb6 16. Ba3 Rhg8 17. h4 Kb7 18. Kd2 Rc8 19. Rhb1 Nf7 20. h5
g5 21. hxg6 hxg6 22. Rh1 g5 23. Nd3 Qc7 24. Bb2 Rg7 25. Rh5 Rcg8 26. Rah1
a5 27. Qh2 Qc4 28. Qg1 g4 29. Nf4 Bd7 30. Qe1 Ng5 31. Rxg5 Rxg5 32. Qa1 g3
33. f3 Qc8 34. Ba3 Rh8 35. Rb1 Ka6 36. Bc5 bxc5 37. Nd3 cxd4 38. Nb4+ Kb5
39. Nc6+ Kxc6 40. Qa4+ Kc7 41. Qxa5+ Kc6 42. Qb6+ 1-0

[Event "ch-SCO"]
[Site "Edinburgh SCO"]
[Date "2009.07.16"]
[Round "6"]
[White "White,Mi"]
[Black "Summerscale,A"]
[Result "1/2-1/2"]
[WhiteElo "2259"]
[BlackElo "2454"]
[EventDate "2009.07.11"]

1. e4 e6 2. d3 c5 3. Nf3 Nc6 4. g3 g6 5. Bg2 Bg7 6. O-O Nge7 7. Re1 d6 8.
c3 e5 9. Na3 O-O 10. Nc2 f5 11. Bg5 h6 12. Bxe7 Nxe7 13. exf5 gxf5 14. c4
Be6 15. Rb1 Rb8 16. a4 Qd7 17. b3 Nc6 18. Qd2 Rf6 19. Nh4 f4 20. b4 Rbf8
21. bxc5 dxc5 22. Be4 Rd8 23. Qe2 b6 24. Kh1 Rdf8 25. f3 1/2-1/2

[Event "ch-SCO"]
[Site "Edinburgh SCO"]
[Date "2009.07.16"]
[Round "6"]
[White "Shaw,J"]
[Black "Oswald,D"]
[Result "1-0"]
[WhiteElo "2462"]
[BlackElo "1998"]
[EventDate "2009.07.11"]

1. d4 Nf6 2. c4 c5 3. d5 b5 4. Nd2 e6 5. e4 bxc4 6. dxe6 dxe6 7. Bxc4 Bb7
8. Qe2 Qa5 9. Ngf3 Bxe4 10. O-O Bd5 11. Bxd5 Nxd5 12. Nc4 Qc7 13. Ng5 Be7
14. Rd1 Bxg5 15. Rxd5 Be7 16. Rh5 g6 17. Rh3 O-O 18. Bh6 Rd8 19. Ne5 Nd7
20. Nf3 Rab8 21. b3 Bf6 22. Rc1 Bh8 23. Be3 Rdc8 24. Ng5 h5 25. g4 hxg4 26.
Rxh8+ Kxh8 27. Nxf7+ Kg7 28. Ng5 Rb6 29. Qxg4 Qd6 30. Rd1 Qe7 31. Ne4 Rb4
32. Bd2 Rbb8 33. Bc3+ Kf7 34. Rxd7 Qxd7 35. Qf4+ Ke7 36. Qf6+ Ke8 37. Qh8+
Kf7 38. Qg7+ Ke8 39. Qg8+ Ke7 40. Bf6+ 1-0

[Event "ch-SCO"]
[Site "Edinburgh SCO"]
[Date "2009.07.16"]
[Round "6"]
[White "Burnett,W"]
[Black "Grant,J"]
[Result "0-1"]
[WhiteElo "2018"]
[BlackElo "2254"]
[EventDate "2009.07.11"]

1. e4 c6 2. d3 d5 3. Nd2 e5 4. Ngf3 Bd6 5. d4 exd4 6. Bd3 Bg4 7. exd5 Nf6
8. Qe2+ Qe7 9. Qxe7+ Bxe7 10. dxc6 Nxc6 11. a3 O-O 12. h3 Bh5 13. b4 a6 14.
Bb2 Rfd8 15. O-O-O Nd5 16. g4 Bg6 17. Bxg6 fxg6 18. Rhe1 d3 19. c4 Nf4 20.
Ng1 Bh4 21. Ne4 Nd4 22. Bxd4 Rxd4 23. Nd2 Bxf2 24. Kb2 Bxe1 25. Rxe1 Rd7
26. h4 Ng2 27. Re4 Nxh4 28. g5 Nf5 29. Ngf3 Rad8 30. Kc3 Ng3 31. Re6 Ne2+
32. Kb2 Nd4 33. Nxd4 Rxd4 34. Kc3 Kf7 35. Re5 h5 36. a4 h4 37. b5 h3 38.
Re3 Rh4 39. Rf3+ Ke6 40. Re3+ Kf7 41. Rf3+ Kg8 42. Rf1 h2 43. Rh1 axb5 44.
axb5 b6 45. c5 bxc5 46. b6 Kf7 47. Nc4 Rxc4+ 48. Kxc4 d2 49. b7 Rb8 50. Kc3
Rxb7 51. Kxd2 Rb2+ 52. Kc3 Rg2 53. Kc4 Ke6 54. Kxc5 Kf5 0-1

[Event "ch-SCO"]
[Site "Edinburgh SCO"]
[Date "2009.07.16"]
[Round "6"]
[White "Hookham,J"]
[Black "Herbold,M"]
[Result "0-1"]
[WhiteElo "1997"]
[BlackElo "2159"]
[EventDate "2009.07.11"]

1. e4 c5 2. d4 e6 3. c3 d5 4. e5 Qb6 5. Nf3 Bd7 6. a3 Nc6 7. Be2 f6 8. O-O
a5 9. a4 fxe5 10. dxe5 Nh6 11. Bb5 Nf7 12. Bf4 Be7 13. h4 O-O-O 14. Qe2
Rdg8 15. Bg5 Nxg5 16. Nxg5 Rf8 17. c4 Nd4 18. Qg4 Rf4 19. Qd1 h6 20. g3 Rf5
21. Nh3 g5 22. h5 Rxe5 23. Nc3 Bc6 24. Qd3 Rf8 25. cxd5 exd5 26. f4 c4 27.
Qh7 Ne2+ 28. Kh2 gxf4 29. gxf4 Re3 30. Qxh6 Rxh3+ 31. Kg2 Rg8+ 32. Kxh3
Qe3+ 0-1

[Event "ch-SCO"]
[Site "Edinburgh SCO"]
[Date "2009.07.16"]
[Round "6"]
[White "Neave,G"]
[Black "Khamroev,R"]
[Result "1/2-1/2"]
[WhiteElo "2090"]
[BlackElo "2225"]
[EventDate "2009.07.11"]

1. e4 d5 2. exd5 Qxd5 3. Nf3 Nf6 4. d4 c6 5. c4 Qa5+ 6. Bd2 Qc7 7. Nc3 Bg4
8. h3 Bh5 9. g4 Bg6 10. Ne5 Nbd7 11. Nxg6 hxg6 12. Bg2 Nb6 13. Qe2 O-O-O
14. Be3 e6 15. O-O Bd6 16. f4 Nbd7 17. c5 Be7 18. b4 Nb8 19. b5 Nd5 20.
Nxd5 exd5 21. a4 Rhe8 22. Qd3 Rd7 23. f5 g5 24. Bf2 Bf6 25. a5 a6 26. b6
Qf4 27. Rad1 Rde7 28. Kh1 Nd7 29. Bg1 Qb8 30. Bh2 Qa8 31. Qg3 Qb8 32. Qf2
Qa8 33. Rfe1 Nf8 34. Qg3 Kd8 35. Qd6+ Rd7 36. Rxe8+ Kxe8 37. Re1+ Be7 38.
Qe5 f6 39. Qg3 Kf7 40. h4 Qd8 41. h5 Kg8 42. Bf1 Kf7 43. Bd3 Kg8 44. Qe3
Kf7 45. Qe2 Qc8 46. Rb1 Bd8 47. Qb2 Qa8 48. Qb4 Re7 49. Bd6 Re8 50. Re1 Be7
51. Bxe7 Rxe7 52. Rxe7+ Kxe7 53. Qe1+ Kf7 54. Kg1 1/2-1/2

[Event "ch-SCO"]
[Site "Edinburgh SCO"]
[Date "2009.07.16"]
[Round "6"]
[White "Roy,Ali"]
[Black "Pyrich,G"]
[Result "0-1"]
[WhiteElo "1762"]
[BlackElo "2036"]
[EventDate "2009.07.11"]

1. e4 c5 2. Nf3 e6 3. c3 Nf6 4. e5 Nd5 5. Bc4 Nb6 6. Bb3 d6 7. O-O Nc6 8.
exd6 Bxd6 9. d4 cxd4 10. Nxd4 O-O 11. Nxc6 bxc6 12. Nd2 Qc7 13. Nf3 c5 14.
Be3 Bb7 15. h3 Nd5 16. Qe2 Rad8 17. Bg5 Rb8 18. Rad1 Bf4 19. c4 Nf6 20.
Bxf4 Qxf4 21. Qe5 Qxe5 22. Nxe5 Rfd8 23. Rxd8+ Rxd8 24. Rd1 Rxd1+ 25. Bxd1
Kf8 26. Nd3 Nd7 27. Ba4 Be4 28. Bxd7 Bxd3 29. Bb5 Ke7 30. a3 Kd6 31. b4
cxb4 32. axb4 Ke5 33. Be8 Bxc4 34. Bxf7 Kd4 35. f4 Kc3 36. Kf2 Kxb4 37. Ke1
a5 38. Kd2 a4 39. Kc1 a3 40. Kb1 Kc5 41. g4 Bd5 42. g5 e5 43. g6 hxg6 44.
Bxg6 exf4 45. Bd3 Kd4 46. Bf1 Ke3 0-1

[Event "ch-SCO"]
[Site "Edinburgh SCO"]
[Date "2009.07.17"]
[Round "7"]
[White "Panchanathan,M"]
[Black "Hebden,M"]
[Result "1/2-1/2"]
[WhiteElo "2493"]
[BlackElo "2468"]
[EventDate "2009.07.11"]

1. Nf3 Nf6 2. g3 g6 3. Bg2 Bg7 4. O-O O-O 5. d4 d6 6. a4 a5 7. Re1 Nbd7 8.
e4 e5 9. Nc3 b6 10. Bg5 h6 11. dxe5 dxe5 12. Bxf6 Qxf6 13. Nd5 Qd8 14. c3
c6 15. Ne3 Nc5 16. Nc4 Qc7 17. b4 Be6 18. Bf1 Rfd8 19. Qc2 Nb7 20. Reb1
axb4 21. cxb4 Ra7 22. Ne3 Nd6 23. Rc1 Qb8 24. Nd2 h5 25. Ndc4 Bxc4 26. Nxc4
Nxc4 27. Qxc4 Bh6 28. Rd1 Bf8 29. Qc3 Rxd1 30. Rxd1 Qc7 31. Qb3 Qe7 32. Rb1
Qd6 33. Bc4 Kg7 34. Qc2 Be7 35. h4 b5 36. axb5 cxb5 37. Bxb5 Rb7 38. Qc4
Qb8 39. Bc6 Rxb4 40. Rxb4 Qxb4 41. Qxb4 1/2-1/2

[Event "ch-SCO"]
[Site "Edinburgh SCO"]
[Date "2009.07.17"]
[Round "7"]
[White "Mitchell,M"]
[Black "Greet,A"]
[Result "0-1"]
[WhiteElo "2147"]
[BlackElo "2443"]
[EventDate "2009.07.11"]

1. d4 d6 2. c4 e5 3. Nf3 e4 4. Ng5 f5 5. Nc3 Be7 6. Nh3 Nf6 7. Bg5 c6 8. e3
O-O 9. Nf4 Na6 10. Bxf6 Bxf6 11. Be2 Nc7 12. O-O Qe8 13. Qd2 g5 14. Nh5 Bh8
15. Ng3 d5 16. cxd5 Nxd5 17. Rac1 Be6 18. f3 f4 19. Nxd5 cxd5 20. Nh1 Qg6
21. Rcd1 Rae8 22. fxe4 dxe4 23. Bb5 Rd8 24. b3 Qh5 25. Be2 g4 26. Bc4 Bxc4
27. bxc4 g3 28. hxg3 fxe3 29. Rxf8+ Rxf8 30. Qe1 e2 0-1

[Event "ch-SCO"]
[Site "Edinburgh SCO"]
[Date "2009.07.17"]
[Round "7"]
[White "Rowson,J"]
[Black "Kjartansson,G"]
[Result "1/2-1/2"]
[WhiteElo "2591"]
[BlackElo "2356"]
[EventDate "2009.07.11"]

1. c4 Nf6 2. Nc3 e5 3. e3 d6 4. d4 Nbd7 5. Nf3 Be7 6. g4 h6 7. Rg1 Nh7 8.
b3 Ng5 9. Bb2 O-O 10. Qe2 Nxf3+ 11. Qxf3 exd4 12. exd4 Bg5 13. Bd3 Re8+ 14.
Kf1 Nf6 15. h3 c6 16. d5 cxd5 17. Nxd5 Nxd5 18. Qxd5 Bf6 19. Bxf6 Qxf6 20.
Rd1 Re5 21. Qg2 Qe7 22. Bf5 Bxf5 23. gxf5 f6 24. Qg4 Re8 25. Rg3 Re2 26. a4
b6 27. Kg1 Qb7 28. Rg2 R8e4 29. Qg3 Re1+ 30. Rxe1 Rxe1+ 31. Kh2 Re5 32. Qg4
Qd7 33. Rg3 d5 34. cxd5 Rxf5 35. Rd3 Rxf2+ 36. Kg3 Qxg4+ 37. hxg4 Re2 38.
d6 Re8 39. Rc3 Rd8 40. Rc6 Rd7 41. Kh4 Kh7 42. Kh5 Rd8 43. b4 Re8 44. Kh4
Re3 45. Rc7 a5 46. b5 Ra3 47. Rb7 Rxa4 48. Kh3 Rd4 49. Rxb6 Kg6 50. Rc6 Kf7
51. Rc7+ Ke6 52. Rxg7 Kxd6 53. Rg6 1/2-1/2

[Event "ch-SCO"]
[Site "Edinburgh SCO"]
[Date "2009.07.17"]
[Round "7"]
[White "Grant,J"]
[Black "Morrison,G SCO"]
[Result "1/2-1/2"]
[WhiteElo "2254"]
[BlackElo "2366"]
[EventDate "2009.07.11"]

1. c4 Nf6 2. Nc3 c5 3. g3 e6 4. Nf3 b6 5. Bg2 Bb7 6. O-O a6 7. Re1 Be7 8.
e4 d6 9. d4 cxd4 10. Nxd4 Qc7 11. Be3 O-O 12. Rc1 Nbd7 13. f4 h5 14. h3
Rfe8 15. Bf2 Bf8 16. Qd2 Rac8 17. b3 g6 18. Nf3 Qb8 19. Ng5 Bc6 20. Bd4 Bh6
21. Qb2 e5 22. Be3 b5 23. Nd5 bxc4 24. Nxf6+ Nxf6 25. Rxc4 Qb7 26. Bf2 Bg7
27. Qd2 Bf8 28. Rec1 Bb5 1/2-1/2

[Event "ch-SCO"]
[Site "Edinburgh SCO"]
[Date "2009.07.17"]
[Round "7"]
[White "Herbold,M"]
[Black "Thomson,C"]
[Result "1/2-1/2"]
[WhiteElo "2159"]
[BlackElo "2320"]
[EventDate "2009.07.11"]

1. e4 c6 2. d4 d5 3. exd5 cxd5 4. c4 Nf6 5. Nc3 e6 6. Nf3 Bb4 7. Bd2 O-O 8.
Bd3 dxc4 9. Bxc4 b6 10. a3 Bxc3 11. bxc3 Qc7 12. Qe2 Nbd7 13. O-O Bb7 14.
Bd3 Rfd8 15. Rfe1 Nf8 16. Ne5 Re8 17. a4 Ng6 18. Nxg6 hxg6 19. a5 bxa5 20.
Qe5 Qc6 21. f3 Nd7 22. Qxa5 Qd6 23. Qa3 Qc7 24. Qa5 Qd6 25. Qa3 Qc7 26. Qa5
Nb6 27. c4 Qd7 28. Be3 Rec8 29. Rec1 Rc7 30. Rab1 Nc8 31. h4 Ne7 32. Qg5
Nf5 1/2-1/2

[Event "ch-SCO"]
[Site "Edinburgh SCO"]
[Date "2009.07.17"]
[Round "7"]
[White "Foord,D"]
[Black "Berry,N"]
[Result "1/2-1/2"]
[WhiteElo "2069"]
[BlackElo "2313"]
[EventDate "2009.07.11"]

1. d4 d5 2. c4 c6 3. Nf3 Nf6 4. Nc3 a6 5. e3 b5 6. c5 Nbd7 7. b4 a5 8. bxa5
Qxa5 9. Bd2 b4 10. Nb1 Ne4 11. a3 Nxd2 12. Nfxd2 Rb8 13. Bd3 e5 14. O-O Be7
15. a4 O-O 16. Nb3 Qc7 17. N1d2 Bf6 18. Qc2 g6 19. Rfb1 Re8 20. h3 exd4 21.
exd4 Nf8 22. Nf3 Ne6 23. Re1 Bd7 24. Qd2 Rb7 25. a5 Ra8 26. a6 Rba7 27.
Qxb4 Qf4 28. Ra4 Nc7 29. Ne5 Bxe5 30. Rxe5 Ne6 31. Qc3 f6 32. Re1 Ng5 33.
Qd2 Qh4 34. Re3 f5 35. f4 Ne4 36. Bxe4 fxe4 37. Re1 Rxa6 38. Rxa6 Rxa6 39.
Ra1 Rxa1+ 40. Nxa1 Qg3 41. Qa5 Qe3+ 42. Kf1 Qxf4+ 43. Ke2 Qg5 44. g4 h5 45.
Qc7 Qe7 46. Qb8+ Kg7 47. gxh5 Bxh3 48. Qg3 Qe6 49. Qxg6+ Qxg6 50. hxg6 Kxg6
1/2-1/2

[Event "ch-SCO"]
[Site "Edinburgh SCO"]
[Date "2009.07.17"]
[Round "7"]
[White "Summerscale,A"]
[Black "Buchanan,W"]
[Result "1-0"]
[WhiteElo "2454"]
[BlackElo "2128"]
[EventDate "2009.07.11"]

1. c4 e5 2. Nc3 Nf6 3. Nf3 Nc6 4. e4 Bb4 5. d3 d6 6. g3 Bg4 7. Bg2 Qd7 8.
h3 Bxf3 9. Bxf3 Nd4 10. Bg2 c6 11. O-O O-O 12. Kh2 Ne8 13. f4 exf4 14. Bxf4
Ba5 15. Be3 Bb6 16. Na4 c5 17. Nxb6 axb6 18. Bxd4 cxd4 19. Qb3 Qc7 20. h4
Ra5 21. Bh3 Qc6 22. Rf2 b5 23. Qb4 b6 24. cxb5 Qc5 25. Qxc5 dxc5 26. a4 Nd6
27. Bd7 Rfa8 28. e5 Rd8 29. Bh3 Ne8 30. Raf1 f6 31. Be6+ Kf8 32. Bb3 Ra7
33. g4 Ke7 34. g5 Kf8 35. gxf6 gxf6 36. exf6 Nd6 37. Rg2 Nf7 38. Rfg1 Nh6
1-0